MARC

LEADER 00000nam0a2200000 4500
001 34346
005 20231030225004.0
035 |a (RuTPU)RU\TPU\book\34737 
035 |a BOOK00001388 
090 |a 34346 
100 |a 20011210d1985 m y0rusy50 ca 
101 0 |a rus 
102 |a RU 
105 |a a j 001zy 
200 1 |a Сборник задач по общей гидрогеологии  |e учебное пособие  |f И. К. Гавич, А. А. Лучшева, С. М. Семенова-Ерофеева 
205 |a 2-е изд., перераб. и доп. 
210 |a Москва  |c Недра  |d 1985 
215 |a 412 с. 
225 1 |a Высшее образование 
320 |a Библиография: с. 404-405 (50 назв.) 
320 |a Предметный указатель: с. 406-408. 
610 1 |a геология 
610 1 |a задачи 
610 1 |a сборники 
610 1 |a теория 
610 1 |a расчеты 
610 1 |a подземная гидросфера 
610 1 |a гидрогеологическая стратификация 
610 1 |a учебные пособия 
675 |a 556.3(076)  |v 3 
700 1 |a Гавич  |b И. К.  |g Ирина Константиновна 
701 1 |a Лучшева  |b А. А.  |g Александра Анатольевна 
701 1 |a Семенова-Ерофеева  |b С. М.  |g Солнышко Михайловна 
801 0 |a RU  |b 63413507  |c 20011210  |g PSBO 
801 2 |a RU  |b 63413507  |c 20200907  |g PSBO 
900 |a Общая гидрогеология 
900 |a Основы гидравлики, гидрологии и гидрометрии 
942 |c BK